Music Quiz

Random Music or Song Quiz

Monty Python's Bravely Bold Sir Robin Lyrics Quiz Stats

 Plays Quiz Updated Dec 23, 2014

Challenge
Share
Tweet
Embed
Score 0/161 Timer 05:00
0 Plays Today
% Correct
*Interlude with three-headed knight*
100%
Robin
86.4%
Robin.
86.4%
Robin.
86.4%
Robin.
86.4%
Robin
86.4%
Robin
86.4%
Robin.
86.4%
Sir
86.2%
Sir
86.2%
Sir
86.2%
Sir
86.2%
Sir
86.2%
Sir
86.2%
Sir
86.2%
brave
84.7%
Brave
84.7%
brave
84.7%
brave
84.7%
brave,
84.7%
brave
84.7%
Brave
84.7%
brave
84.7%
brave
84.7%
brave,
84.7%
He
79.1%
He
79.1%
He
79.1%
he
79.1%
he
79.1%
he
79.1%
And
74.3%
and
74.3%
And
74.3%
and
74.3%
and
74.3%
And
74.3%
and
74.3%
And
74.3%
and
74.3%
And
74.3%
and
74.3%
and
74.3%
the
73.6%
the
73.6%
a
72.8%
a
72.8%
Bravely
69.2%
Bravely
69.2%
bravely
69.2%
Bravely
69.2%
to
65.8%
to
65.8%
to
65.8%
% Correct
to
65.8%
To
65.8%
to
65.8%
his
65.1%
his
65.1%
his
65.1%
his
65.1%
his
65.1%
His
65.1%
his
65.1%
his
65.1%
his
65.1%
his
65.1%
his
65.1%
his
65.1%
his
65.1%
his
65.1%
away.
63.9%
away.
63.9%
away
63.9%
away.
63.9%
Oh
63.2%
in
63%
in
63%
in
63%
ran
61.4%
ran
61.4%
was
58.9%
was
58.9%
was
58.9%
bold
56.4%
not
56.1%
not
56.1%
not
56.1%
out.
54%
out.
54%
out.
54%
be
53.9%
be
53.9%
head
49.4%
head,
49.4%
afraid
49%
afraid
49%
of
48.1%
eyes
46.3%
from
45.8%
at
45.1%
die.
44%
When
43.9%
all
43.3%
all
43.3%
turned
42%
turned
42%
Camelot.
41.4%
% Correct
rode
41.1%
fled.
40.9%
have
40.1%
have
40.1%
its
39.9%
Or
39.7%
killed
39.2%
gouged
39.2%
scared
38.9%
tail
38.2%
least
37.9%
ways.
37.1%
bit
36.6%
into
36.6%
forth
36.6%
cut
36.5%
nasty
35.8%
danger
35.3%
liver
34.9%
ugly
34.1%
broken.
33.3%
reared
33.1%
pulp.
32.8%
pen-
32.3%
off.
31.8%
mashed
30.9%
kneecaps
30.9%
elbows
30.9%
burned
30.7%
burned
30.7%
removed
30.6%
heart
29.7%
smashed
29.1%
split
28.2%
body
27.1%
bowels
25%
chickened
24.9%
nostrils
23.4%
mangled,
22.9%
limbs
22.4%
hacked
21.3%
raped
21.2%
Yes
19.8%
unplugged.
19.3%
bottom
18.9%
about
18.9%
feet,
16.8%
very
15.1%
retreat.
14.4%
Bravest
13.9%
beat
13.5%
gallantly
13%
taking
8.9%

You're not logged in!

Compare scores with friends on all Sporcle quizzes.
OR
Log In

You Might Also Like...

Show Comments

Extras

Top Quizzes Today


Score Distribution

Your Account Isn't Verified!

In order to create a playlist on Sporcle, you need to verify the email address you used during registration. Go to your Sporcle Settings to finish the process.

Report this User

Report this user for behavior that violates our Community Guidelines.

Details: